Loading...
| Fine Arts - Classical Music | 0 | 12 | 1 | 1 | 115 | 58 | 85.17 | 2 | 6 |
| Fine Arts - Other Fine Arts | 0 | 6 | 0 | 0 | 60 | 47 | 94.67 | 0 | 2 |
| Geography | 0 | 5 | 2 | 1 | 40 | 81 | 123.00 | 0 | 0 |
| Fine Arts - Painting & Sculpture | 0 | 4 | 0 | 1 | 40 | 110 | 136.25 | 0 | 0 |
| History - Other History | 0 | 3 | 0 | 0 | 30 | 94 | 120.33 | 0 | 0 |
| Science - Other Science | 0 | 3 | 0 | 0 | 30 | 112 | 118.67 | 0 | 0 |
| Literature - British Literature | 0 | 3 | 0 | 1 | 30 | 95 | 134.67 | 0 | 0 |
| Literature - European Literature | 0 | 3 | 1 | 0 | 25 | 134 | 141.67 | 0 | 0 |
| Current Events | 0 | 2 | 0 | 0 | 20 | 22 | 56.00 | 1 | 2 |
| Literature - World Literature | 0 | 2 | 0 | 1 | 20 | 94 | 124.50 | 0 | 0 |
| History - World History | 0 | 2 | 1 | 0 | 15 | 111 | 113.00 | 0 | 1 |
| Philosophy | 0 | 2 | 1 | 1 | 15 | 100 | 119.00 | 0 | 0 |
| Religion | 0 | 2 | 1 | 1 | 15 | 123 | 143.00 | 0 | 0 |
| Science - Biology | 0 | 1 | 0 | 0 | 10 | 117 | 117.00 | 0 | 0 |
| Science - Physics | 0 | 1 | 0 | 0 | 10 | 52 | 52.00 | 0 | 1 |
| History - European History | 0 | 2 | 2 | 0 | 10 | 97 | 118.00 | 0 | 0 |
| Social Science | 0 | 2 | 2 | 0 | 10 | 96 | 112.00 | 0 | 1 |
| History - American History | 0 | 1 | 1 | 0 | 5 | 131 | 131.00 | 0 | 0 |
| Mythology | 0 | 1 | 1 | 1 | 5 | 152 | 152.00 | 0 | 0 |
| Other Academic | 0 | 1 | 1 | 0 | 5 | 113 | 113.00 | 0 | 0 |